INTRODUCTION TO STRUCTURAL EQUATION MODELI (Record no. 21639)

MARC details
000 -LEADER
fixed length control field 00386nam a2200145Ia 4500
008 - FIXED-LENGTH DATA ELEMENTS--GENERAL INFORMATION
fixed length control field 240624s9999 xx 000 0 und d
041 ## - LANGUAGE CODE
Language code of text/sound track or separate title eng
082 ## - DEWEY DECIMAL CLASSIFICATION NUMBER
Classification number 300.1 BLU
100 ## - MAIN ENTRY--PERSONAL NAME
Personal name BLUNCH NIELS J
245 ## - TITLE STATEMENT
Title INTRODUCTION TO STRUCTURAL EQUATION MODELI
250 ## - EDITION STATEMENT
Edition statement (2nd ed.)
260 ## - PUBLICATION, DISTRIBUTION, ETC.
Date of publication, distribution, etc. 2013
Place of publication, distribution, etc. London
Name of publisher, distributor, etc. Sage Publications
300 ## - PHYSICAL DESCRIPTION
Extent viii, : 303 : p. : cm. ; 24
365 ## - TRADE PRICE
Currency code GBP
Price amount 38
Holdings
Withdrawn status Lost status Damaged status Not for loan Home library Current library Shelving location Date acquired Source of acquisition Cost, normal purchase price Full call number Barcode Date last seen Copy number Price effective from Koha item type
        IMTN IMTN Rack 4-A 09/05/2013 IBH 28.99 300.1 BLU 21639 06/24/2024 95.9 06/24/2024 Books
Designed & Maintained by: LRC IMT Nagpur Contact: lrc@imtnag.ac.in© 2024. All Rights Reserved.